| 000 | 00530nam a2200145 a 4500 | ||
|---|---|---|---|
| 008 | 120416s1960 ||||||||||||||||| || u | ||
| 050 | _aNA 5621.A88 For | ||
| 100 | _aFormaggio, Dino | ||
| 245 | 1 | 0 | _aLes Basiliques d'Assise |
| 246 | _athe Basilicas of Assisi | ||
| 260 |
_aNovara _bInstituto Geografico de Agostini _c1960 |
||
| 300 | _a164p. : ill. | ||
| 350 | _a0.00 | ||
| 995 |
_D0.00 _FCBU-MAIN LIBRARY (Kitwe) _H1 _I0.00 _M1 _UAVAILABLE _ZAnnex Low-Usage Collection |
||
| 999 |
_c49111 _d49111 |
||